000 02307cam a22003378i 4500
999 _c8864
_d8864
001 798615401
003 OCoLC
005 20241126110700.0
008 130528s2013 ilu b 001 0 eng
010 _a2013013929
020 _a9780802405999
020 _a0802405991
035 _a(OCoLC)798615401
_z(OCoLC)858918774
040 _aDLC
_beng
_erda
_cDLC
_dBTCTA
_dYDXCP
_dBDX
_dIAD
_dPAP
042 _apcc
050 0 0 _aBT1103
_b.C745 2013
082 0 0 _a239
_223
_bCRA
100 1 _aCraig, William Lane.
_0http://id.loc.gov/authorities/names/n77011430
_91395
245 1 2 _aA reasonable response :
_banswers to tough questions on God, Christianity, and the Bible /
_cWilliam Lane Craig, and Joseph E. Gorra.
264 1 _aChicago :
_bMoody Publishers,
_c2013.
300 _a429 pages ;
_c23 cm
336 _atext
_2rdacontent
337 _aunmediated
_2rdamedia
338 _avolume
_2rdacarrier
504 _aIncludes bibliographical references and index.
505 0 _aA meditation on the practice and ministry of answering questions -- Questions on knowing and believing what is real. On believing and knowing ; On argumentation and logic ; On the basis for objective morality ; On the authority of scripture -- Questions about God. On the existence of God ; On the trinity ; On divine attributes -- Questions about origins and the meaning of life. On the origins of the universe ; God and time ; On atheism and meaning in life ; On theology and science -- Questions about the afterlife and evil. On the afterlife, hell, and the unevangelized ; On the problem of evil -- Questions about Jesus Christ and being his disciple. On Jesus ; On discipleship to Jesus -- Questions about issues of Christian practice. On social-moral issues ; On practical advice -- Where do we go from here?
520 _aOffers dozens of examples of how some of the most common challenges to Christian thought can be addressed, including why God allows evil, how Christianity relates to modern science, and what proof exists that God is real.
650 0 _aApologetics
_0http://id.loc.gov/authorities/subjects/sh85006028
_vMiscellanea.
_0http://id.loc.gov/authorities/subjects/sh99001794
_98680
655 7 _aTrivia and miscellanea.
_2lcgft
_0http://id.loc.gov/authorities/genreForms/gf2014026201
_915567
942 _2ddc
_cBK
_016